Statistics for Can you recognize the champion form LOL by his description.

Click here to take the quiz!

General Stats

  • This quiz has been taken 25 times
  • The average score is 20 of 35

Answer Stats

descriptionAnswer% Correct
the Darkin BladeAatrox
82%
the Uncaged Wrath of ZaunWarwick
82%
the Chem-BaronessRenata Glasc
77%
The River KingTahm Kench
77%
The Ruined KingViego
77%
The Spark of ZaunZeri
77%
the Mad ChemistSinged
73%
the UnforgivenYasuo
73%
the Terror of the VoidCho'Gath
68%
the Demon JesterShaco
68%
the Hexplosives ExpertZiggs
68%
the Weapon of the FaithfulAphelios
59%
the Sinister BladeKatarina
59%
the Bashful BloomLillia
59%
the ArmordilloRammus
59%
the Mechanized MenaceRumble
59%
the Starry-Eyed SongstressSeraphine
59%
the Heart of the TempestKennen
55%
the Bloodharbor RipperPyke
55%
the Rogue SentinelAkshan
50%
the Tidal TricksterFizz
50%
The Hallowed SeamstressGwen
50%
the Fae SorceressLulu
50%
the Iron RevenantMordekaiser
50%
the Crystal VanguardSkarner
50%
the Chain WardenThresh
50%
the Seneschal of DemaciaXin Zhao
50%
the Wandering CaretakerBard
45%
the Mouth of the AbyssKog'Maw
45%
the Magus AscendantXerath
45%
Grandmaster at ArmsJax
41%
the Cantankerous CavalierKled
41%
the Battle MistressSivir
41%
Agony's EmbraceEvelynn
36%
the Rabble RouserGragas
27%

Score Distribution

Percentile by Number Answered

Percent of People with Each Score

Your Score History

You have not taken this quiz